000 00769nam a22002657a 4500
001 BR8904589
003 BR-BrBNA
005 20230928093315.0
007 ta
008 230509b bl.||||| |||| 00| 0 por d
040 _aBR-BrBNA
_bpor
_cBiblioteca Nacional de Agricultura
041 _a(Por)
072 _aE70
_b/G514
090 _ E70 BR8904589
100 1 _aVilela, M.R.
110 1 _aInstituto Nacional de Alimentacao e Nutricao, Brasilia, DF (Brasil)
_96395
245 1 _aOpcoes para o abastecimento das pequenas e medias empresas de supermercado do Brasil
260 3 _aBrasilia, DF (Brasil):
_c1978.
300 _a20 p.
500 _a9 tables
650 _aABASTECIMENTO
650 _aMERCADO
909 _a202309
_bLucia
_c55
_dLucia Elande
942 _cBK
999 _c44220
_d44220